Normal view
MARC view
Entry Topical Term
001 - CONTROL NUMBER
- control field: 14189
003 - CONTROL NUMBER IDENTIFIER
- control field: OSt
005 - DATE AND TIME OF LATEST TRANSACTION
- control field: 20210510103643.0
008 - FIXED-LENGTH DATA ELEMENTS
- fixed length control field: 210510|| aca||aabn | a|a d
040 ## - CATALOGING SOURCE
- Original cataloging agency: OSt
- Transcribing agency: OSt
150 ## - HEADING--TOPICAL TERM
- Topical term or geographic name entry element: Soil ecology
- General subdivision: Mathematical models.
670 ## - SOURCE DATA FOUND
- Source citation: Work cat.: (OSt)0: Γ gren, GΓΆran I. 14186, Theoretical ecosystem ecology :, 1996
